[Event "19th ECh U20 Girls"]
[Site "Baku AZE"]
[Date "2002.07.16"]
[Round "3"]
[White "Kirik, Irina"]
[Black "Javakhishvili, Lela"]
[Result "0-1"]
[WhiteElo "2069"]
[BlackElo "2319"]
[EventDate "2002.07.14"]
[PlyCount "76"]

1.e4 c5 2.Nf3 Nc6 3.d4 cxd4 4.Nxd4 Qc7 5.Nc3 e6 6.Be2 a6 7.a4 Nf6 8.Be3 
Bb4 9.Bf3 Ne5 10.Ne2 O-O 11.O-O d5 12.Qd4 Bd6 13.exd5 Nxf3+ 14.gxf3 Bxh2+ 
15.Kg2 Be5 16.Qh4 exd5 17.Rh1 Bf5 18.Nd4 Bg6 19.f4 Bxd4 20.Bxd4 Qc6 21.Qg5
Ne4 22.Qxd5 Rfd8 23.Qxc6 bxc6 24.Ne2 Nd2 25.Rhd1 Nc4 26.Rac1 Rab8 27.b3 
Na3 28.Be5 Rxd1 29.Rxd1 Re8 30.Nd4 Nxc2 31.f5 Nxd4 32.fxg6 Nxb3 33.gxf7+ 
Kxf7 34.Rd7+ Ke6 35.Rd3 Nc5 36.Re3 Kf5 37.Rf3+ Kxe5 38.Re3+ Ne4 0-1

[Event "19th ECh U20 Girls"]
[Site "Baku AZE"]
[Date "2002.07.16"]
[Round "3"]
[White "Melia, Salome"]
[Black "Esebua, Megi"]
[Result "1/2-1/2"]
[WhiteElo "2262"]
[BlackElo "2107"]
[EventDate "2002.07.14"]
[PlyCount "87"]

1.e4 e6 2.d4 b6 3.Bd3 Bb7 4.Ne2 d6 5.Be3 Nd7 6.Nd2 g6 7.O-O Bg7 8.c3 Ne7 
9.a4 O-O 10.a5 Rc8 11.axb6 axb6 12.Ra7 Rb8 13.Qb3 Nc6 14.Ra3 Qe7 15.Qa2 
Kh8 16.Ba6 Bxa6 17.Rxa6 Nd8 18.Ra7 Nf6 19.f3 Nc6 20.Ra6 Rfc8 21.Ra1 Ne8 
22.b4 Nd8 23.b5 d5 24.e5 c6 25.c4 cxb5 26.cxd5 exd5 27.Nf4 Bh6 28.Nxd5 
Bxe3+ 29.Nxe3 Qb4 30.d5 Qd4 31.Re1 Nc7 32.Ra7 Qxe5 33.Qa1 Qxa1 34.Rexa1 
Ne8 35.Ne4 Rc7 36.Rxc7 Nxc7 37.Rb1 f5 38.d6 Na6 39.Nc3 b4 40.Ncd5 Nf7 41.
d7 Nc5 42.Rxb4 Nxd7 43.Nc4 b5 44.Na3 1/2-1/2

[Event "19th ECh U20 Girls"]
[Site "Baku AZE"]
[Date "2002.07.16"]
[Round "3"]
[White "Khudaverdieva, Afag"]
[Black "Charkhalashvili, Inga"]
[Result "0-1"]
[WhiteElo "2043"]
[BlackElo "2295"]
[EventDate "2002.07.14"]
[PlyCount "80"]

1.d4 Nf6 2.c4 e6 3.Nc3 Bb4 4.Qc2 c5 5.dxc5 Bxc5 6.Nf3 Qb6 7.e3 Qc7 8.Be2 
a6 9.O-O Nc6 10.a3 Be7 11.e4 O-O 12.Bg5 Ng4 13.Bxe7 Nd4 14.Bd6 Qxd6 15.e5 
Nxc2 16.exd6 Nxa1 17.Rxa1 b6 18.Rc1 Rb8 19.b4 Bb7 20.h3 Nf6 21.Ne5 Rfc8 
22.Na4 Bc6 23.Nxc6 Rxc6 24.c5 bxc5 25.Nxc5 a5 26.b5 Rcc8 27.Nb3 Rxc1+ 28.
Nxc1 Ne4 29.Nb3 Nc3 30.Bd3 Nxb5 31.Nxa5 Nxd6 32.Nc4 Nxc4 33.Bxc4 Ra8 34.
Bb5 Rxa3 35.Bxd7 Kf8 36.f3 Ke7 37.Bc6 Kd6 38.Be4 f5 39.Bc2 Kc5 40.Kh2 Kd4 
0-1

[Event "19th ECh U20 Girls"]
[Site "Baku AZE"]
[Date "2002.07.16"]
[Round "3"]
[White "Buckley, Melanie"]
[Black "Hodova, Lucie"]
[Result "1-0"]
[WhiteElo "2184"]
[BlackElo "2060"]
[EventDate "2002.07.14"]
[PlyCount "81"]

1.e4 c5 2.Nc3 Nc6 3.g3 g6 4.Bg2 Bg7 5.d3 Rb8 6.Be3 b5 7.Qd2 b4 8.Nd1 d6 9.
Ne2 Nd4 10.O-O e5 11.Nc1 Ne7 12.c3 bxc3 13.bxc3 Ne6 14.f4 exf4 15.gxf4 f5 
16.Ne2 O-O 17.Bf2 Qc7 18.Bg3 Bb7 19.Ne3 Qd7 20.Bh4 Bf6 21.Bxf6 Rxf6 22.Nd5
Bxd5 23.exd5 Nc7 24.c4 Rff8 25.Rab1 Qa4 26.Nc3 Qa5 27.Rfe1 Kf7 28.Rb2 Qa3 
29.Reb1 Rb4 30.Rxb4 cxb4 31.Ne2 Na6 32.Nd4 Nc5 33.Bf1 Rb8 34.Re1 Qc3 35.
Qe3 Rb7 36.Nc6 Nxc6 37.dxc6 Rc7 38.Qe8+ Kg7 39.Re7+ Rxe7 40.Qxe7+ Kh6 41.
Qf8+ 1-0

[Event "19th ECh U20 Girls"]
[Site "Baku AZE"]
[Date "2002.07.16"]
[Round "3"]
[White "Topel, Zehra"]
[Black "Milliet, Sophie"]
[Result "1-0"]
[WhiteElo "2067"]
[BlackElo "2173"]
[EventDate "2002.07.14"]
[PlyCount "103"]

1.d4 c5 2.d5 e5 3.c4 d6 4.Nc3 Be7 5.Nf3 Nf6 6.e4 Nbd7 7.Bd3 a6 8.O-O O-O 
9.a3 Ne8 10.b4 g6 11.Ne1 b6 12.Bc2 Ng7 13.Ba4 f5 14.f3 Bg5 15.Nd3 Bxc1 16.
Qxc1 f4 17.Bc6 Ra7 18.bxc5 bxc5 19.Rb1 Nb6 20.Na4 Nxa4 21.Bxa4 Raf7 22.Rb8
Qh4 23.Qe1 Qh5 24.Qa5 g5 25.Nf2 Qg6 26.Qb6 g4 27.Nxg4 Bxg4 28.Rxf8+ Rxf8 
29.fxg4 Qxe4 30.Qxa6 Qe3+ 31.Rf2 Qe1+ 32.Rf1 Qe3+ 33.Rf2 e4 34.Qxd6 Qd4 
35.h3 e3 36.Re2 Qxc4 37.Bd7 Qd4 38.Kh2 c4 39.Rc2 Ra8 40.Bc6 Rf8 41.Qb4 f3 
42.gxf3 Qf4+ 43.Kg1 Qxf3 44.Qxc4 Rf4 45.Qe2 Qxh3 46.d6 Ne6 47.Bg2 Qg3 48.
Qb5 Nd4 49.Qg5+ Kf7 50.Rc7+ Ke6 51.Qd5+ Kf6 52.Rf7+ 1-0

[Event "19th ECh U20 Girls"]
[Site "Baku AZE"]
[Date "2002.07.16"]
[Round "3"]
[White "Rzaeva, Svetlana"]
[Black "Mamedyarova, Turkan"]
[Result "1/2-1/2"]
[WhiteElo "2073"]
[BlackElo "2134"]
[EventDate "2002.07.14"]
[PlyCount "100"]

1.e4 b6 2.Nf3 Bb7 3.d3 e6 4.g3 d6 5.Bg2 Be7 6.O-O Nf6 7.Nbd2 O-O 8.h3 c5 
9.Nh2 Qc7 10.f4 Nc6 11.c3 Rad8 12.Qe1 b5 13.g4 b4 14.g5 Nd7 15.Qg3 Rfe8 
16.h4 Nb6 17.Ng4 Kh8 18.h5 d5 19.g6 Bf8 20.gxh7 Ne7 21.Ne5 Nc6 22.Ng4 Ne7 
23.Ne5 Nc6 24.Ndf3 Nxe5 25.Nxe5 dxe4 26.dxe4 Ba6 27.Re1 Nc4 28.Bf1 Nxe5 
29.Bxa6 Nd7 30.cxb4 cxb4 31.Be3 Qa5 32.Be2 Nf6 33.e5 Nd5 34.Bf2 Ne7 35.Qe3
Nd5 36.Qe4 Bc5 37.Rec1 Rc8 38.Bc4 Qb6 39.Bxc5 Qxc5+ 40.Kh1 Ne7 41.b3 Qf2 
42.Rc2 Qh4+ 43.Rh2 Nf5 44.Qf3 Qg3 45.Qxg3 Nxg3+ 46.Kg2 Nf5 47.Kf3 Red8 48.
a3 bxa3 49.Rxa3 Rc7 50.Rha2 Rdd7 1/2-1/2

[Event "19th ECh U20 Girls"]
[Site "Baku AZE"]
[Date "2002.07.16"]
[Round "3"]
[White "Polushkina, Svetlana"]
[Black "Isgandarova, Khayala"]
[Result "1-0"]
[WhiteElo "2131"]
[BlackElo "2047"]
[EventDate "2002.07.14"]
[PlyCount "61"]

1.d4 Nf6 2.c4 g6 3.Nc3 Bg7 4.e4 d6 5.Bd3 O-O 6.Nge2 e5 7.d5 Nh5 8.O-O f5 
9.exf5 Bxf5 10.Bxf5 gxf5 11.f4 Nd7 12.Rf3 a6 13.Rh3 Nhf6 14.Ng3 Ng4 15.
Nxf5 Nf2 16.Kxf2 Rxf5 17.Qd3 Qf6 18.g4 Rxf4+ 19.Bxf4 Qxf4+ 20.Kg2 Qxg4+ 
21.Kh1 Nf6 22.Rg1 e4 23.Qe3 Qf5 24.Rhg3 Ne8 25.Qh6 Qd7 26.Rh3 Qf5 27.Rhg3 
Qd7 28.Nxe4 Kh8 29.Nf6 Qf5 30.Rxg7 Qf3+ 31.R7g2 1-0

[Event "19th ECh U20 Girls"]
[Site "Baku AZE"]
[Date "2002.07.17"]
[Round "4"]
[White "Dzagnidze, Nana"]
[Black "Khusnutdinova, Luiza"]
[Result "1-0"]
[WhiteElo "2281"]
[BlackElo "2312"]
[EventDate "2002.07.14"]
[PlyCount "79"]

1.d4 d5 2.Nf3 Nf6 3.Bg5 e6 4.e3 Be7 5.Bd3 O-O 6.O-O h6 7.Bh4 c5 8.c4 cxd4 
9.exd4 dxc4 10.Bxc4 b6 11.Re1 Bb7 12.Nc3 Na6 13.Qe2 Nc7 14.Ne5 Qxd4 15.Bg3
Ncd5 16.Rad1 Qc5 17.Bxd5 Nxd5 18.Nxd5 Bxd5 19.Nd7 Qa5 20.Nxf8 Bxf8 21.a3 
Qa4 22.Rc1 Bc5 23.Qd2 Rd8 24.b4 Be7 25.Qe3 Bf6 26.Rc7 Rd7 27.Rxd7 Qxd7 28.
Be5 Bg5 29.Qg3 f5 30.f4 Bd8 31.Rc1 b5 32.Bxg7 Kh7 33.Be5 Bc4 34.h3 h5 35.
Kh2 a6 36.Kh1 Qf7 37.Qf3 Bd5 38.Qf2 Bc4 39.Qd4 Bc7 40.Qa7 1-0

[Event "19th ECh U20 Girls"]
[Site "Baku AZE"]
[Date "2002.07.17"]
[Round "4"]
[White "Jurkiewicz, Katarzyna"]
[Black "Khukhashvili, Sopiko"]
[Result "0-1"]
[WhiteElo "2190"]
[BlackElo "2327"]
[EventDate "2002.07.14"]
[PlyCount "60"]

1.e4 c5 2.Nc3 Nc6 3.f4 g6 4.Nf3 Bg7 5.Bb5 Nd4 6.O-O e6 7.e5 f5 8.a4 Ne7 9.
Nxd4 cxd4 10.Ne2 Qb6 11.Kh1 Kf7 12.c3 a6 13.Bc4 Qc7 14.b3 dxc3 15.dxc3 b6 
16.Ba3 Bb7 17.Qd2 Rhd8 18.Bd6 Qc6 19.Nd4 Qc8 20.Nc2 Be4 21.Ne3 Qb7 22.b4 
Nc8 23.b5 Nxd6 24.exd6 a5 25.Bd3 Rac8 26.Rac1 Rc5 27.Rfe1 Rdc8 28.Nd1 Qd5 
29.Re3 Qxd6 30.c4 Qxf4 0-1

[Event "19th ECh U20 Girls"]
[Site "Baku AZE"]
[Date "2002.07.17"]
[Round "4"]
[White "Makka, Ioulia"]
[Black "Melia, Salome"]
[Result "1-0"]
[WhiteElo "2196"]
[BlackElo "2262"]
[EventDate "2002.07.14"]
[PlyCount "53"]

1.e4 e5 2.Nf3 Nc6 3.Bb5 g6 4.d4 exd4 5.Bg5 Be7 6.Bxe7 Qxe7 7.Bxc6 bxc6 8.
Qxd4 Nf6 9.Nc3 O-O 10.O-O Rb8 11.e5 Nd5 12.a3 Nxc3 13.Qxc3 c5 14.Rfe1 Bb7 
15.Nd2 Rfe8 16.Re3 Qg5 17.f3 d6 18.Rae1 Bd5 19.b3 Qf5 20.Nf1 Re6 21.R3e2 
Qf4 22.Ne3 Bc6 23.exd6 cxd6 24.Ng4 Rxe2 25.Rxe2 h5 26.Nf6+ Kf8 27.Nd7+ 1-0

[Event "19th ECh U20 Girls"]
[Site "Baku AZE"]
[Date "2002.07.17"]
[Round "4"]
[White "Javakhishvili, Lela"]
[Black "Topel, Zehra"]
[Result "1-0"]
[WhiteElo "2319"]
[BlackElo "2067"]
[EventDate "2002.07.14"]
[PlyCount "65"]

1.d4 Nf6 2.c4 g6 3.Nc3 Bg7 4.e4 d6 5.Nf3 O-O 6.Be2 e5 7.Be3 h6 8.h3 Nbd7 
9.O-O exd4 10.Nxd4 Re8 11.f3 a5 12.Qd2 Kh7 13.Ndb5 Bf8 14.Rac1 Rb8 15.Ba7 
Ra8 16.Bf2 Rb8 17.Rfd1 b6 18.Qf4 Ne5 19.Bd4 Nh5 20.Qh2 Bd7 21.f4 Nc6 22.
Bf2 Ng7 23.Nd5 Rb7 24.Bf3 Kh8 25.Nbxc7 Qb8 26.Nxe8 Bxe8 27.Nf6 Be7 28.Nxe8
Qxe8 29.Kh1 Rb8 30.Qg1 Qc8 31.Bxb6 Qb7 32.c5 dxc5 33.Bxc5 1-0

[Event "19th ECh U20 Girls"]
[Site "Baku AZE"]
[Date "2002.07.17"]
[Round "4"]
[White "Shukurova, Meihriban"]
[Black "Polushkina, Svetlana"]
[Result "1-0"]
[WhiteElo "2238"]
[BlackElo "2131"]
[EventDate "2002.07.14"]
[PlyCount "147"]

1.e4 c6 2.d4 d5 3.Nc3 dxe4 4.Nxe4 Bf5 5.Ng3 Bg6 6.h4 h6 7.Nf3 Nd7 8.h5 Bh7
9.Bd3 Bxd3 10.Qxd3 Ngf6 11.Be3 Qc7 12.O-O-O e6 13.c4 O-O-O 14.Qc2 Ng4 15.
Ne2 Nxe3 16.fxe3 c5 17.Kb1 Nf6 18.Nc1 Bd6 19.Nd3 Ng4 20.Qe2 Kb8 21.Rc1 e5 
22.d5 e4 23.Nd2 Nf6 24.Nf2 Rhe8 25.Ng4 Nh7 26.Nf2 Ng5 27.g4 Re7 28.Nh3 
Nxh3 29.Rxh3 Rde8 30.Rhh1 Qd7 31.Rcf1 Ka8 32.Rf5 Rb8 33.Rhf1 f6 34.Rc1 b5 
35.cxb5 Rxb5 36.Nc4 Rb8 37.Qc2 Rb5 38.Qe2 Rb8 39.Qd2 Qc7 40.Rc3 Rb4 41.Qc2
Bg3 42.d6 Bxd6 43.Nxd6 Qxd6 44.Rcxc5 Rb8 45.a3 Qd3 46.Rc3 Qxc2+ 47.Kxc2 
Rd8 48.Rfc5 Kb7 49.Rb3+ Ka8 50.Rc4 Rb8 51.Rbc3 Rd8 52.Rb3 Rb8 53.Rbb4 Rxb4
54.Rxb4 Re5 55.Kc3 a5 56.Rd4 Re7 57.Rd5 Kb7 58.Rxa5 Rd7 59.Ra4 Rd3+ 60.Kc4
Rxe3 61.Kd5 Re2 62.Rxe4 Rd2+ 63.Rd4 Re2 64.Re4 Rd2+ 65.Ke6 Kc6 66.Rc4+ Kb6
67.Kf7 Rd7+ 68.Kg6 Kb7 69.b4 Re7 70.a4 Kb8 71.b5 Kb7 72.a5 Re5 73.a6+ Kb8 
74.b6 1-0

[Event "19th ECh U20 Girls"]
[Site "Baku AZE"]
[Date "2002.07.17"]
[Round "4"]
[White "Khudaverdieva, Afag"]
[Black "Mamedyarova, Zeinab"]
[Result "0-1"]
[WhiteElo "2043"]
[BlackElo "2312"]
[EventDate "2002.07.14"]
[PlyCount "30"]

1.d4 e6 2.c4 b6 3.Nc3 Bb7 4.Bf4 Bb4 5.Qc2 f5 6.a3 Bxc3+ 7.Qxc3 Nf6 8.Qg3 
Nh5 9.Qg5 Nxf4 10.Qxf4 O-O 11.Nf3 d6 12.e3 Nd7 13.Bd3 e5 14.Qg5 e4 15.Qxd8
Rfxd8 0-1

[Event "19th ECh U20 Girls"]
[Site "Baku AZE"]
[Date "2002.07.17"]
[Round "4"]
[White "Esebua, Megi"]
[Black "Zakurdiaeva, Irina"]
[Result "0-1"]
[WhiteElo "2107"]
[BlackElo "2236"]
[EventDate "2002.07.14"]
[PlyCount "108"]

1.d4 d5 2.Nf3 Nf6 3.e3 Bf5 4.Bd3 Bg6 5.Ne5 e6 6.Nd2 Nbd7 7.Nxg6 hxg6 8.Nf3
Ne4 9.a3 Bd6 10.c4 c6 11.h3 f5 12.c5 Bc7 13.b4 g5 14.Rg1 Qf6 15.Qc2 a5 16.
Bb2 axb4 17.axb4 Rxa1+ 18.Bxa1 O-O 19.Rf1 Ra8 20.Bb2 Qd8 21.Ke2 Ndf6 22.
Nd2 g4 23.Bxe4 fxe4 24.hxg4 Nxg4 25.f3 Qg5 26.Nxe4 Qxe3+ 27.Kd1 Qf4 28.Bc1
Ne3+ 29.Bxe3 Qxe3 30.Qc3 Bf4 31.Qxe3 Bxe3 32.Nd6 Bxd4 33.Nxb7 Rb8 34.Na5 
Rxb4 35.Nxc6 Rb1+ 36.Ke2 Rxf1 37.Kxf1 Bxc5 38.f4 Kf7 39.Ne5+ Ke7 40.Ke2 
Bd6 41.Nd3 Kf6 42.Kf3 g5 43.g3 Kf5 44.g4+ Kf6 45.fxg5+ Kxg5 46.Nf2 e5 47.
Nd1 e4+ 48.Ke2 Kf4 49.g5 Be5 50.g6 d4 51.Nb2 Bg7 52.Nc4 d3+ 53.Ke1 e3 54.
Kd1 Bc3 0-1

[Event "19th ECh U20 Girls"]
[Site "Baku AZE"]
[Date "2002.07.17"]
[Round "4"]
[White "Mammadova, Nargiz"]
[Black "Buckley, Melanie"]
[Result "1-0"]
[WhiteElo "2058"]
[BlackElo "2184"]
[EventDate "2002.07.14"]
[PlyCount "47"]

1.Nf3 d6 2.g3 e5 3.d3 f5 4.c4 Nf6 5.Nc3 g6 6.Bg2 Bg7 7.c5 Nbd7 8.cxd6 cxd6
9.Ng5 Nb6 10.Qb3 Qe7 11.a4 h6 12.a5 Nbd7 13.Ne6 Nc5 14.Nxc5 dxc5 15.a6 e4 
16.dxe4 fxe4 17.Nd5 Nxd5 18.Qxd5 Bf5 19.axb7 Rd8 20.Rxa7 Qe5 21.Qc6+ Kf8 
22.O-O Qd4 23.Be3 Qxb2 24.Qc7 1-0

[Event "19th ECh U20 Girls"]
[Site "Baku AZE"]
[Date "2002.07.17"]
[Round "4"]
[White "Milliet, Sophie"]
[Black "Kirik, Irina"]
[Result "1-0"]
[WhiteElo "2173"]
[BlackElo "2069"]
[EventDate "2002.07.14"]
[PlyCount "63"]

1.e4 c5 2.Nc3 Nc6 3.f4 d6 4.Nf3 g6 5.Bc4 Bg7 6.d3 e6 7.O-O Nge7 8.Qe1 O-O 
9.f5 d5 10.Bb3 c4 11.dxc4 dxe4 12.f6 Bxf6 13.Nxe4 Bg7 14.Bg5 f6 15.Rd1 Qc7
16.Bd2 Nf5 17.c5 Kh8 18.Bc3 e5 19.Qf2 Nd8 20.Nd6 a5 21.g4 Nh6 22.Nxe5 Nxg4
23.Nxg6+ hxg6 24.Qh4+ Nh6 25.Rxf6 Rxf6 26.Bxf6 Qxc5+ 27.Rd4 Kh7 28.Bxg7 
Kxg7 29.Qe7+ Kh8 30.Qxd8+ Kg7 31.Qe7+ Kh8 32.Nf7+ 1-0

[Event "19th ECh U20 Girls"]
[Site "Baku AZE"]
[Date "2002.07.17"]
[Round "4"]
[White "Agaeva, Shahana"]
[Black "Rzaeva, Svetlana"]
[Result "1-0"]
[WhiteElo "2123"]
[BlackElo "2073"]
[EventDate "2002.07.14"]
[PlyCount "71"]

1.e4 c5 2.c3 d6 3.d4 Nf6 4.Bd3 cxd4 5.cxd4 g6 6.h3 Bg7 7.Nf3 Nc6 8.Nc3 O-O
9.O-O e5 10.dxe5 dxe5 11.Be3 Be6 12.Bb5 Na5 13.Qe2 Qe7 14.Nxe5 Bc8 15.Nd3 
b6 16.b4 Nb7 17.e5 Ne8 18.Nd5 Qe6 19.Bc4 Bxe5 20.Nxb6 Qd6 21.Nxe5 axb6 22.
Bh6 Ng7 23.a3 Bf5 24.g4 Be6 25.Qb2 f6 26.Bxe6+ Qxe6 27.Nf3 Rfd8 28.Ng5 Qd6
29.Rad1 Qxd1 30.Rxd1 Rxd1+ 31.Kg2 Rd7 32.Qb3+ Kf8 33.Qe6 Re7 34.Nxh7+ Ke8 
35.Qg8+ Kd7 36.Qxa8 1-0

[Event "19th ECh U20 Girls"]
[Site "Baku AZE"]
[Date "2002.07.17"]
[Round "4"]
[White "Isgandarova, Khayala"]
[Black "Mamedyarova, Turkan"]
[Result "1-0"]
[WhiteElo "2047"]
[BlackElo "2134"]
[EventDate "2002.07.14"]
[PlyCount "117"]

1.e4 e5 2.Nf3 Nc6 3.Bc4 Bc5 4.c3 Nf6 5.d3 d6 6.O-O O-O 7.Bg5 a6 8.Bb3 Bg4 
9.Nbd2 Qe7 10.Nc4 h6 11.Be3 b5 12.Ncd2 Ba7 13.Re1 Nd8 14.Nf1 Ne6 15.h3 Bh5
16.Ng3 Bxe3 17.fxe3 g6 18.Rf1 Ng5 19.Nxh5 Nxh5 20.Nxg5 Qxg5 21.Qf3 Rad8 
22.Kh2 Rd7 23.Rf2 Ng7 24.Raf1 Ne8 25.g3 h5 26.h4 Qe7 27.Kh3 a5 28.Bd5 b4 
29.g4 Ng7 30.Qg3 Kh7 31.gxh5 Nxh5 32.Qg4 Kg7 33.Rf5 Kh6 34.Rxf7 Rxf7 35.
Rxf7 Qxf7 36.Bxf7 Rxf7 37.Qg5+ Kh7 38.cxb4 axb4 39.d4 Nf6 40.dxe5 Nxe4 41.
Qg2 d5 42.Qc2 Nf2+ 43.Kg2 Ng4 44.Qc5 Nxe5 45.Qxd5 Re7 46.Qc5 Re8 47.Qxc7+ 
Kh8 48.Qb6 Kg7 49.Qxb4 Kf7 50.a4 Ke6 51.a5 Rc8 52.Qb3+ Kd6 53.a6 Nc6 54.
Qd3+ Kc5 55.Qd7 Ra8 56.Qb7 Ra7 57.b4+ Kd6 58.Qb6 Ra8 59.b5 1-0

[Event "19th ECh U20 Girls"]
[Site "Baku AZE"]
[Date "2002.07.18"]
[Round "5"]
[White "Khukhashvili, Sopiko"]
[Black "Javakhishvili, Lela"]
[Result "1-0"]
[WhiteElo "2327"]
[BlackElo "2319"]
[EventDate "2002.07.14"]
[PlyCount "177"]

1.e4 c5 2.Nf3 Nc6 3.d4 cxd4 4.Nxd4 Qc7 5.Nb5 Qb8 6.g3 a6 7.N5c3 e6 8.Bg2 
Nf6 9.O-O Be7 10.Be3 Qc7 11.a4 d6 12.Na3 Nd7 13.f4 O-O 14.g4 Re8 15.g5 Bf8
16.Rf3 b6 17.Rh3 g6 18.Qe1 Bg7 19.Rd1 Na5 20.Qd2 Nb7 21.Kh1 Nf8 22.Qf2 Nc5
23.e5 d5 24.a5 Nfd7 25.axb6 Qc6 26.Nc4 Nb7 27.Nd2 a5 28.Bd4 a4 29.Bf1 Ra5 
30.b4 axb3 31.Nxb3 Rd8 32.Nxa5 Nxa5 33.Bb5 Qb7 34.Ra1 Nc6 35.Na4 Bf8 36.
Rc3 Ndb8 37.Kg1 Bd7 38.Nc5 Qxb6 39.Nxd7 Qxd4 40.Qxd4 Nxd4 41.Nf6+ Kh8 42.
Bf1 Nbc6 43.Ra6 Rc8 44.Bb5 Nxb5 45.Raxc6 Rxc6 46.Rxc6 Kg7 47.Rc8 Nd4 48.
Kf2 Nf5 49.Ke2 h6 50.gxh6+ Nxh6 51.c4 dxc4 52.Rxc4 Nf5 53.Kf3 Be7 54.Ne4 
Bf8 55.Ra4 Be7 56.h3 Bf8 57.Ra7 Be7 58.Ke2 Kf8 59.Kd3 Kg7 60.Rb7 Ba3 61.
Rc7 Kf8 62.Nf6 Kg7 63.Ne8+ Kg8 64.Rc8 Kh7 65.Rc3 Bb4 66.Rc6 Nh6 67.Nd6 Kg7
68.Rc7 Ba3 69.Rc3 Bb4 70.Rb3 Ba5 71.Ra3 Be1 72.Ra4 Bg3 73.Re4 Ng8 74.Ke2 
Nh6 75.Kf3 Bh4 76.f5 g5 77.fxe6 fxe6 78.Ra4 Kf8 79.Ra7 Be1 80.Rh7 Nf5 81.
Kg4 Kg8 82.Rb7 Nd4 83.Kxg5 Bg3 84.Kg6 Nc6 85.Nf7 Bxe5 86.h4 Bf4 87.h5 Kf8 
88.h6 Ne7+ 89.Rxe7 1-0

[Event "19th ECh U20 Girls"]
[Site "Baku AZE"]
[Date "2002.07.18"]
[Round "5"]
[White "Charkhalashvili, Inga"]
[Black "Dzagnidze, Nana"]
[Result "1/2-1/2"]
[WhiteElo "2295"]
[BlackElo "2281"]
[EventDate "2002.07.14"]
[PlyCount "186"]

1.d4 Nf6 2.c4 e6 3.Nf3 b6 4.g3 Ba6 5.Qa4 b5 6.cxb5 Bb7 7.Bg2 a6 8.Nc3 Be7 
9.O-O O-O 10.a3 d6 11.Qc2 Nbd7 12.bxa6 Bxa6 13.Rd1 Qb8 14.b4 Rc8 15.Bf4 
Qb6 16.Rdb1 c6 17.Be3 Ng4 18.Bd2 e5 19.e3 exd4 20.exd4 Nde5 21.Nxe5 dxe5 
22.h3 Nxf2 23.Kxf2 exd4 24.Na4 Qb5 25.Kg1 Bf6 26.Qd1 Re8 27.Nc5 d3 28.a4 
Qc4 29.Ra3 Qd4+ 30.Kh1 Qf2 31.Nxd3 Bxd3 32.Rxd3 Re2 33.Qf1 Rxd2 34.Qxf2 
Rxf2 35.Bxc6 Rc8 36.b5 h5 37.a5 Ra2 38.a6 Rc7 39.Rd7 Rxd7 40.Bxd7 Bd4 41.
b6 Rxa6 42.b7 Be5 43.b8=Q+ Bxb8 44.Rxb8+ Kh7 45.Rb2 Kh6 46.Kg2 Ra3 47.Be8 
Ra7 48.Rf2 Kg6 49.Bb5 Rc7 50.Bd3+ Kh6 51.Rb2 Re7 52.Kf3 g6 53.Kf4 Kg7 54.
Be4 Re6 55.Bd5 Rf6+ 56.Ke3 Rf5 57.Bc4 Rg5 58.Kf3 Rf5+ 59.Ke4 Rg5 60.Rb3 
Rc5 61.Bd5 Rc1 62.Rf3 Re1+ 63.Re3 Rf1 64.Ke5 Rf5+ 65.Kd6 Rf6+ 66.Ke5 Ra6 
67.Rf3 Ra7 68.Kd6 Ra6+ 69.Ke7 Ra7+ 70.Ke8 f5 71.Re3 Ra6 72.Ke7 Rf6 73.Re6 
Rf8 74.Ra6 Rc8 75.Ra3 Rc1 76.Re3 Rf1 77.Rf3 Re1+ 78.Be6 Re4 79.Rc3 Ra4 80.
Bc4 Ra1 81.Re3 Rh1 82.h4 f4 83.gxf4 Rxh4 84.Rf3 Rh1 85.Be6 Rg1 86.Rf2 Rg3 
87.Rf1 Rg2 88.f5 gxf5 89.Rxf5 Kh6 90.Rf8 Rg6 91.Bf7 Ra6 92.Be6 Kg5 93.Rf5+
Kh4 1/2-1/2

[Event "19th ECh U20 Girls"]
[Site "Baku AZE"]
[Date "2002.07.18"]
[Round "5"]
[White "Mamedyarova, Zeinab"]
[Black "Shukurova, Meihriban"]
[Result "1-0"]
[WhiteElo "2312"]
[BlackElo "2238"]
[EventDate "2002.07.14"]
[PlyCount "113"]

1.d4 Nf6 2.Bg5 Ne4 3.Bf4 c5 4.f3 Qa5+ 5.c3 Nf6 6.d5 Nh5 7.Bd2 c4 8.e4 b5 
9.Be3 e5 10.Nd2 Qc7 11.a4 Ba6 12.axb5 Bxb5 13.Nh3 Bc5 14.Qe2 O-O 15.Bxc5 
Qxc5 16.Qf2 Qc7 17.Be2 d6 18.O-O Nd7 19.b3 Nb6 20.Rfb1 Bd7 21.g4 cxb3 22.
Rxb3 Nf6 23.Qe3 Rfc8 24.Nf2 Be8 25.Ba6 Rcb8 26.Rab1 Nfd7 27.Nd3 Rd8 28.c4 
Nb8 29.Bb5 Bxb5 30.cxb5 Rc8 31.Rc1 Qd8 32.Rbc3 Rxc3 33.Rxc3 a6 34.Kg2 h6 
35.bxa6 Nxa6 36.Rc6 Na4 37.Nc4 Rc8 38.Rxd6 Qe7 39.Ndxe5 N4c5 40.Rc6 Rb8 
41.Rxa6 Nxa6 42.Nc6 Qc7 43.Nxb8 Qxc4 44.Nc6 Nc7 45.Ne7+ Kh7 46.d6 Ne6 47.
Qd2 Nf4+ 48.Kg3 g5 49.Nd5 Nxd5 50.Qxd5 Qc3 51.Qd1 Qe5+ 52.Kg2 Qb2+ 53.Kh1 
Qf6 54.d7 Qd8 55.Qd5 Kg8 56.e5 Kg7 57.Qc6 1-0

[Event "19th ECh U20 Girls"]
[Site "Baku AZE"]
[Date "2002.07.18"]
[Round "5"]
[White "Zakurdiaeva, Irina"]
[Black "Makka, Ioulia"]
[Result "1/2-1/2"]
[WhiteElo "2236"]
[BlackElo "2196"]
[EventDate "2002.07.14"]
[PlyCount "83"]

1.e4 c6 2.d4 d5 3.Nc3 dxe4 4.Nxe4 Nd7 5.Ng5 Ngf6 6.Bd3 e6 7.N1f3 Bd6 8.Qe2
h6 9.Ne4 Nxe4 10.Qxe4 Qc7 11.O-O b6 12.Re1 Bb7 13.Ne5 Nf6 14.Qe2 O-O 15.c4
c5 16.dxc5 Qxc5 17.Bf4 Rad8 18.Rad1 Ba8 19.Bb1 Qc7 20.Qc2 Bxe5 21.Bxe5 
Rxd1 22.Qxd1 Qc6 23.f3 Qxc4 24.Qd2 Qc5+ 25.Kh1 Nd5 26.Rc1 Qb5 27.Qc2 f5 
28.Qf2 Qd7 29.Qg3 Bb7 30.Bd3 Rf7 31.Bc4 Ne3 32.Bb3 Qd2 33.Rg1 Nd5 34.h4 
Qd3 35.Rd1 Qb5 36.Rc1 Qe2 37.Re1 Qb5 38.Bd4 Qe8 39.Qe5 Re7 40.Qg3 Rf7 41.
Qg6 Nf4 42.Qg3 1/2-1/2

[Event "19th ECh U20 Girls"]
[Site "Baku AZE"]
[Date "2002.07.18"]
[Round "5"]
[White "Melia, Salome"]
[Black "Ismailova, Aytaj"]
[Result "1-0"]
[WhiteElo "2262"]
[BlackElo "2157"]
[EventDate "2002.07.14"]
[PlyCount "85"]

1.e4 c5 2.Nf3 d6 3.d4 cxd4 4.Nxd4 Nf6 5.Nc3 a6 6.Bg5 e6 7.f3 Be7 8.Qd2 b5 
9.h4 Bb7 10.O-O-O Nbd7 11.a3 Rc8 12.g4 Nb6 13.Bd3 O-O 14.Kb1 d5 15.e5 Nfd7
16.f4 Qe8 17.Bxe7 Qxe7 18.g5 b4 19.axb4 Qxb4 20.Na2 Qxd2 21.Rxd2 Nc4 22.
Re2 Rfe8 23.h5 h6 24.b3 Ncb6 25.gxh6 gxh6 26.f5 f6 27.Rg1+ Kh8 28.fxe6 
Nxe5 29.Nf5 Rc7 30.Nxh6 Rf8 31.Reg2 Nxd3 32.Nf7+ Rfxf7 33.exf7 Rxf7 34.
cxd3 Nd7 35.h6 Nc5 36.Rg8+ Kh7 37.R8g7+ Rxg7 38.Rxg7+ Kxh6 39.Rc7 f5 40.
Rxc5 f4 41.Nc3 d4 42.Ne2 f3 43.Nxd4 1-0

[Event "19th ECh U20 Girls"]
[Site "Baku AZE"]
[Date "2002.07.18"]
[Round "5"]
[White "Buckley, Melanie"]
[Black "Agaeva, Shahana"]
[Result "0-1"]
[WhiteElo "2184"]
[BlackElo "2123"]
[EventDate "2002.07.14"]
[PlyCount "132"]

1.e4 e5 2.Bc4 Nf6 3.d3 d5 4.exd5 Nxd5 5.Nf3 Nc6 6.h3 Be7 7.O-O O-O 8.Re1 
Qd6 9.Qe2 Nf4 10.Qe4 Ng6 11.Nc3 Kh8 12.Qd5 f5 13.Qxd6 cxd6 14.a3 h6 15.Nd5
Bd8 16.b4 Nge7 17.Nxe7 Nxe7 18.Ba2 b6 19.c4 Ng6 20.Bb2 Bb7 21.d4 e4 22.Nh2
Nf4 23.Bb1 Rc8 24.Bc1 Ne6 25.g4 Nxd4 26.gxf5 Nb3 27.Ra2 Nxc1 28.Rxc1 Rxf5 
29.Re2 d5 30.f3 Rg5+ 31.Kf1 dxc4 32.Bxe4 Ba6 33.a4 b5 34.a5 Bf6 35.Ng4 Rd8
36.f4 Rh5 37.Kg2 Bc8 38.Rce1 Bc3 39.Rc1 Bxb4 40.Ne5 Bxh3+ 41.Kg3 Be6 42.
Nc6 Rh3+ 43.Kg2 Rd2 44.Rc2 Rxe2+ 45.Rxe2 Bd6 46.Bb1 Bd7 47.Ne5 Bxe5 48.
fxe5 Be6 49.Rd2 Kg8 50.Rd6 Kf7 51.Ra6 Re3 52.Rxa7+ Ke8 53.Rxg7 Rxe5 54.Kf2
Bc8 55.Rg6 b4 56.a6 Ra5 57.Rg8+ Kd7 58.a7 Bb7 59.Rg7+ Kc8 60.Ke3 Rxa7 61.
Bf5+ Kb8 62.Rg8+ Kc7 63.Rg7+ Kb6 64.Kd4 Ba6 65.Bd7 Ka5 66.Rf7 Bb5 0-1

[Event "19th ECh U20 Girls"]
[Site "Baku AZE"]
[Date "2002.07.18"]
[Round "5"]
[White "Topel, Zehra"]
[Black "Jurkiewicz, Katarzyna"]
[Result "1/2-1/2"]
[WhiteElo "2067"]
[BlackElo "2190"]
[EventDate "2002.07.14"]
[PlyCount "121"]

1.Nf3 g6 2.e4 c5 3.d4 Bg7 4.d5 d6 5.c4 Nd7 6.Nc3 Ngf6 7.Bd3 O-O 8.O-O Rb8 
9.a3 a6 10.Re1 Qc7 11.Bf4 Ng4 12.Bg3 Nde5 13.Nxe5 Nxe5 14.f4 Nxd3 15.Qxd3 
b5 16.cxb5 axb5 17.e5 Bf5 18.Qd2 b4 19.axb4 Rxb4 20.Ra4 Qb6 21.Re2 Rb8 22.
Ra2 Bg4 23.Rf2 f6 24.h3 Bc8 25.exd6 exd6 26.Qe3 Bf5 27.Bh4 c4 28.Qxb6 
R4xb6 29.g4 Bd3 30.f5 gxf5 31.gxf5 Kf7 32.Bg3 Bh6 33.Ra7+ R8b7 34.Rxb7+ 
Rxb7 35.Kh2 Be3 36.Rg2 Rb6 37.Nd1 Bd4 38.Rd2 Ke7 39.Bf4 Bc5 40.Be3 Bxf5 
41.Bxc5 dxc5 42.Nc3 Kd6 43.Kg3 Bd3 44.Kf4 Rb8 45.Rg2 Rb7 46.Rd2 h5 47.Rg2 
Re7 48.Rg8 Re1 49.Rd8+ Ke7 50.Rc8 Rh1 51.Rxc5 Rxh3 52.Rc7+ Kd8 53.Rf7 Rh1 
54.Rxf6 Rf1+ 55.Ke5 Rxf6 56.Kxf6 h4 57.Nd1 h3 58.Nf2 h2 59.Ke6 Be4 60.Ke5 
Bg2 61.Kd6 1/2-1/2

[Event "19th ECh U20 Girls"]
[Site "Baku AZE"]
[Date "2002.07.18"]
[Round "5"]
[White "Isgandarova, Khayala"]
[Black "Milliet, Sophie"]
[Result "0-1"]
[WhiteElo "2047"]
[BlackElo "2173"]
[EventDate "2002.07.14"]
[PlyCount "86"]

1.e4 c5 2.Nf3 e6 3.d4 cxd4 4.Nxd4 Nc6 5.Nb5 d6 6.Bd3 a6 7.N5c3 Nf6 8.O-O 
Be7 9.f4 b5 10.Qe1 Bb7 11.Kh1 Qc7 12.Nd2 b4 13.Ne2 Nb8 14.Nd4 Nbd7 15.N4f3
Nc5 16.e5 Nxd3 17.cxd3 dxe5 18.fxe5 Nd7 19.Qg3 O-O 20.Ne4 f6 21.Bh6 Rf7 
22.Rac1 Nc5 23.Nd6 Bxd6 24.exd6 Qa5 25.Ne5 Ne4 26.dxe4 Qxe5 27.Qxe5 fxe5 
28.Rxf7 Kxf7 29.Rc7+ Kg6 30.Rxb7 Kxh6 31.Re7 Kg5 32.Rxg7+ Kf4 33.Rxh7 Kxe4
34.Re7 Kd3 35.Rxe6 e4 36.g4 e3 37.g5 e2 38.g6 Kd2 39.g7 e1=Q+ 40.Rxe1 Kxe1
41.h4 Kf2 42.h5 Re8 43.d7 Re5 0-1